|
|
|
|
| LEADER |
00000nab a2200000 a 4500 |
| 001 |
vtls000398909 |
| 003 |
SK-MaSNL |
| 005 |
20260303201704.0 |
| 008 |
140328c1990 xo 0 slo |
| 015 |
|
|
|a SNBRB19rr/mm-uuuuu
|
| 035 |
|
|
|a CL0399033
|
| 040 |
|
|
|a SNKBUCL
|b slo
|c SNKBUCL
|e AACR2
|
| 041 |
0 |
|
|a slo
|
| 044 |
|
|
|a xo
|c SK
|
| 080 |
|
|
|a 694:620.197.7
|2 1981
|
| 080 |
|
|
|a 620.197.7
|2 1981
|
| 080 |
|
|
|a 694
|2 1981
|
| 080 |
|
|
|a 674.048
|2 1981
|
| 080 |
|
|
|a 674.07
|2 1981
|
| 100 |
1 |
|
|a Janke, Falko
|4 aut
|9 1232773
|
| 245 |
1 |
0 |
|a Nové spôsoby ochrany a rekonštrukcie starých drevených objektov
|c Falko Janke ; Vlasta Siváková
|
| 300 |
|
|
|b Tb. 3.
|
| 650 |
0 |
7 |
|a drevené stavby
|2 snkbucl
|9 2987
|
| 650 |
0 |
7 |
|a ochrana dreva
|2 snkbucl
|9 27986
|
| 655 |
|
7 |
|a články z novín a časopisov
|2 snkbucl
|9 267496
|
| 700 |
1 |
|
|a Siváková, Vlasta
|4 trl
|9 957309
|
| 773 |
0 |
|
|t Drevo
|g Roč. 45, č. 10 (1990), s. 304-305
|
| 850 |
|
|
|a Slovenská národná knižnica v Martine
|a MTA001
|
| 852 |
|
|
|a SNK
|b KIS3GCP
|
| 958 |
|
|
|a RK
|
| 992 |
|
|
|a RBX
|
| 999 |
|
|
|c 2175437
|d 2177367
|